HUMAN ANATOMY AND PHYSIOLOGY (Record no. 19367)

MARC details
000 -LEADER
fixed length control field 00341nam a22001577a 4500
003 - CONTROL NUMBER IDENTIFIER
control field SGT
020 ## - INTERNATIONAL STANDARD BOOK NUMBER
International Standard Book Number 978-81-7660-2532
082 ## - DEWEY DECIMAL CLASSIFICATION NUMBER
Classification number 611
Item number H18I
100 ## - MAIN ENTRY--PERSONAL NAME
Personal name INGALE,SUVARNA.P
245 ## - TITLE STATEMENT
Title HUMAN ANATOMY AND PHYSIOLOGY
250 ## - EDITION STATEMENT
Edition statement 4TH
260 ## - PUBLICATION, DISTRIBUTION, ETC. (IMPRINT)
Place of publication, distribution, etc PUNE
Name of publisher, distributor, etc EVEREST PUB
Year of Publication 2018
300 ## - PAGE DESCRIPTION
No. of Pages 116
650 ## - SUBJECT ADDED ENTRY--TOPICAL TERM
Topical term or geographic name as entry element PHARMACY
942 ## - ADDED ENTRY ELEMENTS (KOHA)
Source of classification or shelving scheme Dewey Decimal Classification
Koha item type Books
942 ## - ADDED ENTRY ELEMENTS (KOHA)
-- 16
Holdings
Withdrawn status Lost status Source of classification or shelving scheme Damaged status Use restrictions Not for loan Collection code Home library Current library Shelving location Date acquired Vendor Name Cost, normal purchase price Volume Information (Serial or Books or Non-Book Material) SGTU Bill Number Total Checkouts Full call number Accession No. (Barcode) Date last seen Date last borrowed Bill Date Koha item type
    Dewey Decimal Classification   Restricted Access   PHARMACY SGT FA-FP Library SGT FA-FP Library Reference Book 17/10/2019 KIRTI PRAKSHAN 237.00 1 SGTU IN4852 8 611 H18I FP3512 09/04/2022 22/03/2022 07/09/2019 Books
    Dewey Decimal Classification       PHARMACY SGT FA-FP Library SGT FA-FP Library Text Book 17/10/2019 KIRTI PRAKSHAN 237.00 1 SGTU IN4852 10 611 H18I FP3513 24/03/2026 09/03/2026 07/09/2019 Books
    Dewey Decimal Classification   Restricted Access   PHARMACY SGT FA-FP Library SGT FA-FP Library Reference Book 17/10/2019 KIRTI PRAKSHAN 237.00 1 SGTU IN4852 1 611 H18I FP3514 22/10/2019 22/10/2019 07/09/2019 Books
    Dewey Decimal Classification       PHARMACY SGT FA-FP Library SGT FA-FP Library Text Book 17/10/2019 KIRTI PRAKSHAN 237.00 1 SGTU IN4852 11 611 H18I FP3515 24/03/2026 09/03/2026 07/09/2019 Books